00309nam a2200097 a 4500008004100000050001600041245006100057260006200118300002200180350000900202120416s1982 ||||||||||||||||| || u aNA 7110 Cha04aThe changing rural habitatcedited by Brian Brace Taylor aSingaporebConcept Media Pte Ltd for the Aga Khan Ac1982 axxi, 155p. : ill. a0.00